| 000 | 01182nam a2200277 i 4500 | ||
|---|---|---|---|
| 003 | EG-ScBUE | ||
| 005 | 20230507110738.0 | ||
| 008 | 180206s2017 ua o f 000 0 ara d | ||
| 040 |
_aEG-ScBUE _bara _erda _cEG-ScBUE _dEG-ScBUE |
||
| 043 | _af-ua--- | ||
| 082 | 0 | 4 |
_a779.9962 _bف و ت _222 |
| 110 | 2 |
_aدار الهلال. _bمركز الهلال للتراث الصحفي. _eمؤلف. |
|
| 245 | 1 | 0 |
_aفوتوغرافيا مصر / _cمركز الهلال للتراث الصحفي، مؤسسة دار الهلال، وزارة الثقافة. |
| 246 | 3 | 4 |
_aألبومات نادرة : _bفوتوغرافيا مصر : صور وذكريات 175 عاما |
| 264 | 1 |
_aالقاهرة : _bدار الهلال، _c2017. |
|
| 300 |
_a560 صفحة : _bصور ؛ _c24 سم |
||
| 336 |
_2rdacontent _aنص _btxt |
||
| 337 |
_2rdamedia _aبدون وسيط _bn |
||
| 338 |
_2rdacarrier _aمجلد _bnc |
||
| 541 |
_aأستاذ. محمد فريد خميس ؛ _cإهداء ؛ |
||
| 651 | 7 |
_aمصر _xتاريخ _vأعمال مصورة. _2BUEsh |
|
| 653 |
_bCOMAME _bGGEN _cFebruary2018 |
||
| 655 | _vReading book | ||
| 710 | 1 |
_aمصر. _bوزارة الثقافة. _eمؤلف. |
|
| 942 | _2ddc | ||
| 999 |
_c26110 _d26082 |
||